000 00538nam a2200193Ia 4500
008 131103s9999 xx 000 0 und d
020 _a0 583 13079 8
040 _aLoreto College
041 _aEnglish
082 _aF/REM
_bLCBED/8242
100 _aRemarque,Erich Maria
245 4 _aThe night in Lisbon
_cErich Maria Remarque; translated by Ralph Manheim
260 _aLondon
_bGranada
_c1964
300 _a224 p.
_c 18 cm.
650 _aEnglish fiction
700 _aManheim, Ralph; tr.
850 _aLCBED/F/REM
942 _cBK
999 _c33172
_d83651